| 000 | 00398nam a2200157Ia 4500 | ||
|---|---|---|---|
| 008 | 230718s9999 xx 000 0 und d | ||
| 041 | _aeng | ||
| 082 |
_a600 _bKUL |
||
| 100 | _aKulkarni A.D. | ||
| 245 | _aApplied Science I | ||
| 260 |
_c2003 _bTech-Max Publications |
||
| 300 | _a493 | ||
| 365 | _cRs. | ||
| 700 | _aKulkarni A. D, Shukla S.N.,Walekar V.K. & Deshpande M.S | ||
| 906 | _cALLIED | ||
| 999 |
_c306052 _d306052 |
||